书目信息 |
| 题名: |
高等代数学习指导与习题详解
|
|
| 作者: | 杨振华 , 李志慧 主编 | |
| 分册: | ||
| 出版信息: | 西安 陕西师范大学出版社 2005.10 |
|
| 页数: | 455页 | |
| 开本: | 20cm | |
| 丛书名: | 高等学校经典教材配套辅导丛书 | |
| 单 册: | ||
| 中图分类: | O15 | |
| 科图分类: | ||
| 主题词: | 高等代数--gao deng dai shu--高等学校--自学参考资料 | |
| 电子资源: | ||
| ISBN: | 7-5613-3290-4 | |
| 000 | 01141nam 2200265 450 | |
| 001 | 012006282656 | |
| 005 | 20060306143227.67 | |
| 010 | @a7-5613-3290-4@dCNY17.50 | |
| 100 | @a20060306d2005 km y0chiy0120 ea | |
| 101 | 0 | @achi |
| 102 | @aCN@b610000 | |
| 105 | @ay z 000yy | |
| 200 | 1 | @a高等代数学习指导与习题详解@Agao deng dai shu xue xi zhi dao yu xi ti xiang jie@e高等教育第三版@f杨振华, 李志慧主编@Fyang zhen hua,li zhi hui zhu bian |
| 210 | @a西安@c陕西师范大学出版社@d2005.10 | |
| 215 | @a455页@d20cm | |
| 225 | 2 | @a高等学校经典教材配套辅导丛书@Agao deng xue xiao jing dian jiao cai pei tao fu dao cong shu |
| 330 | @a本书共分三部分,第一部分 高等代数习题解析;第二部分 部分重点院校高等代数(线性代数)期末试题及参考答案;第三部分 部分重点院校高等代数(线性代数)考研试题及参考答案等。 | |
| 410 | 0 | @12001 @a高等学校经典教材配套辅导丛书 |
| 517 | 1 | @a高等教育第三版@Agao deng jiao yu di san ban |
| 606 | 0 | @a高等代数@Agao deng dai shu@x高等学校@j自学参考资料 |
| 690 | @aO15@v4 | |
| 701 | 0 | @a杨振华@Ayang zhen hua@4主编 |
| 701 | 0 | @a李志慧@Ali zhi hui@4主编 |
| 801 | 0 | @aCN@bQSSK@c20060306 |
| 905 | @a10447@dO15@eY332 | |
| 高等代数学习指导与习题详解:高等教育第三版/杨振华, 李志慧主编.-西安:陕西师范大学出版社,2005.10 |
| 455页;20cm.-(高等学校经典教材配套辅导丛书) |
| ISBN 7-5613-3290-4:CNY17.50 |
| 本书共分三部分,第一部分 高等代数习题解析;第二部分 部分重点院校高等代数(线性代数)期末试题及参考答案;第三部分 部分重点院校高等代数(线性代数)考研试题及参考答案等。 |
| ● |
| 相关链接 |
|
|
|
正题名:高等代数学习指导与习题详解
索取号:O15/Y332
 
预约/预借
| 序号 | 登录号 | 条形码 | 馆藏地/架位号 | 状态 | 备注 |
| 1 | 554551 | 205545515 | 自科库401/401自科库 40排6列3层/ [索取号:O15/Y332] | 在馆 | |
| 2 | 554552 | 205545524 | 自科库401/401自科库 40排6列3层/ [索取号:O15/Y332] | 在馆 | |
| 3 | 554553 | 205545533 | 自科库401/401自科库 44排2列3层/ [索取号:O15/Y332] | 在馆 |